000 00530nam a2200193Ia 4500
005 20250924122912.0
008 231207s9999 xx 000 0 und d
020 _a9788130702247
040 _cPK-LaNCA
082 _a780.7
_bTHR
100 _aGiddings, Thaddeus(Editor)
245 0 _aThree-Part Music
_cEdited by Thaddeus Giddings
260 _bCosmo Publications
_aNew Delhi
_c2006
300 _a192p
500 _aCosmo music education series
546 _aEnglish
650 _aMusic--Education., Music.
942 _cMUSIC
999 _c27325
_d27325